| 000 | 01377nam a2200337 a 4500 | ||
|---|---|---|---|
| 001 | 000024740 | ||
| 005 | 20240419194149.0 | ||
| 008 | 110203s1970 ag a r 000 0 spa d | ||
| 040 |
_aDO-SdBNP _bspa _cBNPHU |
||
| 041 | 1 | 7 |
_aspa _heng _2Código de idioma MARC |
| 082 |
_a331.0109 _bU21t |
||
| 100 | 1 |
_aUdy, Stanley H. _d1928- _950758 |
|
| 240 | 1 | 0 |
_aWork in traditional and modern society. _lEspañol. |
| 245 | 1 | 0 |
_aEl trabajo en las sociedades tradicionales y moderna / _cStanley H. Udy ; traducción Flora Setaro ; revisión técnica Juan José Llach. |
| 260 |
_aBuenos Aires, (Argentina) : _bAmorrortu Editores, _c1970. |
||
| 300 |
_a165, [3] p. : _bil. ; _c20 cm. |
||
| 490 | 1 | _aBiblioteca de sociología | |
| 504 | _aIncluye referencias bibliográficas (p. 163) | ||
| 504 | _aIncluye notas al pie de las páginas | ||
| 534 |
_aTitulo original: _tWork in traditional and modern society. |
||
| 650 | 4 |
_aFilosofía del trabajo _950759 |
|
| 650 | 4 |
_aSociología del trabajo _950760 |
|
| 650 | 4 |
_aTrabajo _xAspecto social _950761 |
|
| 650 | 4 |
_aEconomía del trabajo _949793 |
|
| 650 | 0 |
_aClase trabajadora _914034 |
|
| 700 | 1 |
_aSetaro, Flora, _etr. _947137 |
|
| 700 | 1 |
_aLlach, Juan José _950762 |
|
| 710 | 2 |
_aCentro Regional de Ayuda Técnica, Agencia para el Desarrollo Internacional (A.I.D.) _950763 |
|
| 830 | 0 |
_aBiblioteca de sociología _949260 |
|
| 049 | _aBNGR | ||
| 999 |
_c24233 _d24233 |
||